The spiritual exercises of St. Ignatius based on studies in the language of the autograph (Record no. 5288)

000 -LEADER
fixed length control field 00648nam a22001937a 4500
003 - CONTROL NUMBER IDENTIFIER
control field OSt
005 - DATE AND TIME OF LATEST TRANSACTION
control field 20220406094451.0
008 - FIXED-LENGTH DATA ELEMENTS--GENERAL INFORMATION
fixed length control field 220406b ||||| |||| 00| 0 eng d
020 ## - INTERNATIONAL STANDARD BOOK NUMBER
International Standard Book Number 9780829400656
040 ## - CATALOGING SOURCE
Transcribing agency ALUPE UNIVERSITY
050 ## - LIBRARY OF CONGRESS CALL NUMBER
Classification number BX2179.L7
Item number .P84 1952
100 ## - MAIN ENTRY--PERSONAL NAME
Personal name Louis J Puhl
245 ## - TITLE STATEMENT
Title The spiritual exercises of St. Ignatius based on studies in the language of the autograph
260 ## - PUBLICATION, DISTRIBUTION, ETC.
Place of publication, distribution, etc. Chicago (IL) :
Name of publisher, distributor, etc. Loyola University Press,
Date of publication, distribution, etc. 1952.
300 ## - PHYSICAL DESCRIPTION
Extent xiii, 216 p. ;
Dimensions 23 cm
504 ## - BIBLIOGRAPHY, ETC. NOTE
Bibliography, etc. note includes bibliographies references and indexes
650 ## - SUBJECT ADDED ENTRY--TOPICAL TERM
Source of heading or term Ignatius de Loyola, -- santo, -- 1491-1556.
942 ## - ADDED ENTRY ELEMENTS (KOHA)
Source of classification or shelving scheme
Koha item type Book
Suppress in OPAC JO
Holdings
Withdrawn status Lost status Source of classification or shelving scheme Damaged status Not for loan Permanent Location Current Location Shelving location Date acquired Source of acquisition Total Checkouts Full call number Barcode Date last seen Price effective from Koha item type Public note
          AU LIBRARY AU LIBRARY Open Shelf 06.04.2022 DONATION FROM MOI UNIVERSITY   BX2179.L7 .P84 1952 28007536 06.04.2022 06.04.2022 Book JO

Powered by Koha